000 00304nam a2200121Ia 4500
008 190722s9999 xx 000 0 und d
020 _a978-81-207-7434-6
100 _aProf.Lallan Prasad
245 0 _aManaging Human Resource
260 _aIndia
_bSterling Publisher
_c2012
300 _a442
942 _cBK
999 _c558
_d558